Word Ladder: Music and Food Quiz Stats

 Plays Quiz Updated Mar 16, 2015

Challenge
Share
Tweet
Embed
Score 0/12 Timer 01:00
0 Plays Today
Hint 4-Letter Word % Correct
Front's oppositeBACK
96.1%
The harsh cry of a dogBARK
95%
Can be igneous, sedimentary or metamorphicROCK
90.5%
A contest of speed from A to BRACE
88.5%
Tough; solidHARD
87.3%
The front part of the headFACE
87.1%
Price paid for a rideFARE
86%
Medieval poetBARD
84.5%
A framework of bars or wiresRACK
83.4%
A strong, dark beer BOCK
82.8%
Have thought or regard for someoneCARE
76.5%
A small restaurantCAFÉ
74.6%

Today's Daily Dose

Missing Word
Witch Songs

Word Ladder
Alabama

Quick Pick
Fanta Flavors

On This Day
October 15th II

You're not logged in!

Compare scores with friends on all Sporcle quizzes.
Join for Free
OR
Log In

You Might Also Like...

Show Comments

Extras

Top Quizzes Today


Score Distribution

Your Account Isn't Verified!

In order to create a playlist on Sporcle, you need to verify the email address you used during registration. Go to your Sporcle Settings to finish the process.

Report this User

Report this user for behavior that violates our Community Guidelines.

Details: